000 01158nam a2200325 a 4500
001 000109573
003 CHAP
005 20220329144055.0
008 140512s2014 mx a |sm |||||||spa|d
010 _a106035
011 _a107007
040 _cCHAP
090 _aTesis
100 1 _aVazquez Barreto, José Ignacio
_9127024
245 1 0 _aVariación de la concentración de sales en tres sustratos mediante el control de lixiviados
_h[En línea]
_cpor José Ignacio Vazquez Barreto.
260 _aChapingo, Méx. :
_bEl autor,
_c2014.
500 _aPara ver el contenido del material haga clic en la liga
502 _aTesis (Ing. en Irrigación) -- UACH. Departamento de Irrigación
590 _aBATCH-UPD
_b10
_c20141002
_lUCH01
_h0903
590 _aE11695DGD
_b10
_c20140523
_lUCH01
_h1447
590 _aE792CSJ
_b05
_c20140512
_lUCH01
_h0859
590 _aE792CSJ
_b05
_c20140512
_lUCH01
_h0859
650 1 4 _aSales
_xEfecto en suelos.
_9101562
650 1 4 _aSuelos
_xHumedad.
_9110391
650 1 4 _aSustratos.
_9110789
856 _aFinding aid
_uhttp://10.13.5.2/tesis/sist109573.pdf
_zTeclea aquí
901 _aBK
942 _cTESIS
942 _n0
999 _c106035
_d106035